| 000 | 00678cam a22002291 4500 | ||
|---|---|---|---|
| 001 | ne 65002603 | ||
| 003 | DLC | ||
| 005 | 20260227111819.0 | ||
| 008 | 830120s1964 le c 000 0 arar | ||
| 010 | _ane 65002603 | ||
| 025 | _aPL480:UAR-6522 | ||
| 035 | _a(OCoLC)9147024 | ||
| 040 |
_aDLC _cTU _dTU _dDLC |
||
| 042 | _apremarc | ||
| 050 | 0 | 0 |
_aBP165 _b.G3 |
| 100 | 1 |
_aGannūn, ʻAbd Allāh, _d1908- |
|
| 245 | 1 | 0 |
_aMafāhīm Islāmīyah _c[taʼlīf] ʻAbd Allah Kannūn. |
| 250 | _a[al-Ṭabʻah 1] | ||
| 260 |
_aBayrūt, _bMaktabat al-Madrasah wa Dār al-Kitāb al-Lubnānī lil-Ṭibāʻah wa al-Nashr _c[1964] |
||
| 300 |
_a137 p. _bport. _c24 cm. |
||
| 650 | 0 | _aIslam. | |
| 999 |
_c48579 _d48579 |
||